NLSUI OPAC header image

Law of arbitration and conciliation ( Including commercial , international and ADR ) Vol. I (Record no. 22753)

MARC details
000 -LEADER
fixed length control field 00514nam a2200157Ia 4500
008 - FIXED-LENGTH DATA ELEMENTS--GENERAL INFORMATION
fixed length control field 160316s2005 xxu||||| |||| 00| 0 eng d
082 ## - DEWEY DECIMAL CLASSIFICATION NUMBER
Classification number 347.090000
Item number BAC-I
100 ## - MAIN ENTRY--PERSONAL NAME
Personal name Bachawat R S
245 ## - TITLE STATEMENT
Title Law of arbitration and conciliation ( Including commercial , international and ADR ) Vol. I
250 ## - EDITION STATEMENT
Edition statement 4th
260 ## - PUBLICATION, DISTRIBUTION, ETC.
Place of publication, distribution, etc. Agra
Name of publisher, distributor, etc. Wadhwa and Co.
Date of publication, distribution, etc. 2005
300 ## - PHYSICAL DESCRIPTION
Extent 1325p
Other physical details
Dimensions vi
365 ## - TRADE PRICE
Price amount Rs.1,395
650 ## - SUBJECT ADDED ENTRY--TOPICAL TERM
Topical term or geographic name entry element 1. Arbitration Law<br/>2. International Arbitration Law<br/>3. Commercial Arbitration Law
700 ## - ADDED ENTRY--PERSONAL NAME
Personal name
--
Holdings
Withdrawn status Lost status Damaged status Not for loan Home library Current library Shelving location Date acquired Cost, normal purchase price Total Checkouts Full call number Barcode Date last seen Date last checked out Price effective from Koha item type
        NLS NLS Library Compactors 30/05/2017 1395.00 2 347.09 BAC-I 20597 05/05/2024 05/05/2024 30/05/2017 BOOKs